000 00575nam a22002297a 4500
003 UA-OsUOA
001 87998
007 ta
008 20120927b un ||||| |||| 00| 0 ukr d
100 _aАнашенков Б.
090 _a821
_bА64
942 _cBK
040 _aUA-OsUOA
_brus
_cUA-OsUOA
_dUA-OsUOA
245 _aОбретешь в борьбе
300 _a127 с.
955 _a3
041 _arus
080 _a821
260 _aМ.
_bЗнание
_c1982
650 7 _a82 Література. Літературознавство
_2UDC
999 _c374137
_d374137